| 000 | 00658cam a22002293a 4500 | ||
|---|---|---|---|
| 001 | 16049 | ||
| 003 | PGUSA | ||
| 005 | 20140828083337.0 | ||
| 008 | 050613s2005||||xxu|||||s|||||000 1 eng d | ||
| 040 |
_aPGUSA _beng |
||
| 042 | _adc | ||
| 050 | 4 | _aPR | |
| 100 | 1 | _aStrang, Herbert | |
| 245 | 1 | 0 |
_aHumphrey Bold : _bA Story of the Times of Benbow _h[electronic resource] / _cHerbert Strang |
| 260 |
_bProject Gutenberg, _c2005 |
||
| 506 | _aPublic domain in the USA. | ||
| 516 | _aElectronic text | ||
| 653 | _aBenbow, John, 1653?-1702 -- Fiction | ||
| 830 | 0 |
_aProject Gutenberg _v16049 |
|
| 856 | 4 | 0 | _uhttp://www.gutenberg.org/ebooks/16049 |
| 942 | _cEB | ||
| 999 |
_c245304 _d245304 |
||